| 000 | 00768nam a2200229 a 4500 | ||
|---|---|---|---|
| 001 | 49511 | ||
| 003 | BD-RjUL | ||
| 005 | 20211209054705.0 | ||
| 008 | 160821s1983 bg ||||| |||| 00| 0 ben d | ||
| 020 | _c: Tk. 12.00 | ||
| 035 | _a(BD-RjUL)49630 | ||
| 040 |
_aBD-RjUL _bben _cBD-RjUL |
||
| 041 | _aben | ||
| 082 |
_223 _a323.2095492 _bRIG 1983 |
||
| 100 |
_aরীয়াজ, আলী _9147933 |
||
| 245 | 1 | 0 |
_aগণতান্ত্রিক আন্দোলনে ঐক্য / _cআলী রীয়াজ |
| 260 |
_aঢাকা : _bঅনুপম, _c১৯৮৩ |
||
| 300 |
_a৮৪ পৃ. ; _c২০ সেমি. |
||
| 650 |
_aবিপ্লব _xবাংলাদেশ _9148541 |
||
| 650 |
_aRevolutions _xBangladesh _9148542 |
||
| 942 |
_2ddc _cBK |
||
| 999 |
_c49511 _d49511 |
||